<?xml version="1.0" encoding="UTF-8"?>
<record
    xmlns:xsi="http://www.w3.org/2001/XMLSchema-instance"
    xsi:schemaLocation="http://www.loc.gov/MARC21/slim http://www.loc.gov/standards/marcxml/schema/MARC21slim.xsd"
    xmlns="http://www.loc.gov/MARC21/slim">

  <leader>00704nam a2200217Ia 4500</leader>
  <controlfield tag="005">20220407173415.0</controlfield>
  <controlfield tag="008">210716s2011    xx            000 0 und d</controlfield>
  <datafield tag="020" ind1=" " ind2=" ">
    <subfield code="a">9788131711101</subfield>
  </datafield>
  <datafield tag="040" ind1=" " ind2=" ">
    <subfield code="c">AIMIT LIBRARY</subfield>
  </datafield>
  <datafield tag="041" ind1=" " ind2=" ">
    <subfield code="a">eng</subfield>
  </datafield>
  <datafield tag="082" ind1=" " ind2=" ">
    <subfield code="a">658.322 </subfield>
    <subfield code="2">10</subfield>
    <subfield code="b">HENR</subfield>
  </datafield>
  <datafield tag="100" ind1=" " ind2=" ">
    <subfield code="a">Henderson,Richard I.</subfield>
    <subfield code="9">28375</subfield>
  </datafield>
  <datafield tag="245" ind1=" " ind2=" ">
    <subfield code="a">Compensation management in a knowledge-based world /</subfield>
    <subfield code="c">By Richard I. Henderson.</subfield>
  </datafield>
  <datafield tag="250" ind1=" " ind2=" ">
    <subfield code="a">10th ed</subfield>
  </datafield>
  <datafield tag="260" ind1=" " ind2=" ">
    <subfield code="a">New Delhi :</subfield>
    <subfield code="b">Pearson ,</subfield>
    <subfield code="c">2011.</subfield>
  </datafield>
  <datafield tag="300" ind1=" " ind2=" ">
    <subfield code="a">xvi,550p. ;</subfield>
    <subfield code="b">PB</subfield>
    <subfield code="c">27.9 cm</subfield>
  </datafield>
  <datafield tag="650" ind1=" " ind2=" ">
    <subfield code="a">Compensation &amp; Benefits</subfield>
    <subfield code="9">28376</subfield>
  </datafield>
  <datafield tag="650" ind1=" " ind2=" ">
    <subfield code="a">Microeconomic compensation Concepts.</subfield>
    <subfield code="9">28377</subfield>
  </datafield>
  <datafield tag="650" ind1=" " ind2=" ">
    <subfield code="a">Organizational Structure.</subfield>
    <subfield code="9">28378</subfield>
  </datafield>
  <datafield tag="942" ind1=" " ind2=" ">
    <subfield code="2">ddc</subfield>
    <subfield code="c">BK</subfield>
    <subfield code="e">10th</subfield>
    <subfield code="k">658.322 HENR</subfield>
  </datafield>
  <datafield tag="999" ind1=" " ind2=" ">
    <subfield code="c">206697</subfield>
    <subfield code="d">206697</subfield>
  </datafield>
  <datafield tag="952" ind1=" " ind2=" ">
    <subfield code="0">0</subfield>
    <subfield code="1">0</subfield>
    <subfield code="2">ddc</subfield>
    <subfield code="4">0</subfield>
    <subfield code="7">0</subfield>
    <subfield code="8">MBA</subfield>
    <subfield code="a">AIMIT</subfield>
    <subfield code="b">AIMIT</subfield>
    <subfield code="d">2011-10-07</subfield>
    <subfield code="g">550.00</subfield>
    <subfield code="i">Bill no:1523; Bill dt:2011-09-26</subfield>
    <subfield code="l">0</subfield>
    <subfield code="o">658.322 HENR</subfield>
    <subfield code="p">MBA09263</subfield>
    <subfield code="r">2026-05-23 00:00:00</subfield>
    <subfield code="v">412.50</subfield>
    <subfield code="w">2021-07-16</subfield>
    <subfield code="y">BK</subfield>
  </datafield>
  <datafield tag="952" ind1=" " ind2=" ">
    <subfield code="0">0</subfield>
    <subfield code="1">0</subfield>
    <subfield code="2">ddc</subfield>
    <subfield code="4">0</subfield>
    <subfield code="7">3</subfield>
    <subfield code="8">MBA</subfield>
    <subfield code="a">AIMIT</subfield>
    <subfield code="b">AIMIT</subfield>
    <subfield code="d">2011-10-07</subfield>
    <subfield code="g">550.00</subfield>
    <subfield code="i">Bill no:1523; Bill dt:2011-09-26</subfield>
    <subfield code="l">0</subfield>
    <subfield code="o">658.322 HENR</subfield>
    <subfield code="p">MBA09264</subfield>
    <subfield code="r">2025-07-21 00:00:00</subfield>
    <subfield code="v">412.50</subfield>
    <subfield code="w">2021-07-16</subfield>
    <subfield code="y">BK</subfield>
  </datafield>
  <datafield tag="952" ind1=" " ind2=" ">
    <subfield code="0">0</subfield>
    <subfield code="1">0</subfield>
    <subfield code="2">ddc</subfield>
    <subfield code="4">0</subfield>
    <subfield code="7">0</subfield>
    <subfield code="8">MBA</subfield>
    <subfield code="a">AIMIT</subfield>
    <subfield code="b">AIMIT</subfield>
    <subfield code="d">2014-03-18</subfield>
    <subfield code="g">750.00</subfield>
    <subfield code="i">Bill no:1870; Bill dt:2014-03-12</subfield>
    <subfield code="l">1</subfield>
    <subfield code="o">658.322 HENR</subfield>
    <subfield code="p">MBA11168</subfield>
    <subfield code="r">2026-05-23 00:00:00</subfield>
    <subfield code="s">2024-03-16</subfield>
    <subfield code="v">562.50</subfield>
    <subfield code="w">2021-07-16</subfield>
    <subfield code="y">BK</subfield>
  </datafield>
  <datafield tag="952" ind1=" " ind2=" ">
    <subfield code="0">0</subfield>
    <subfield code="1">0</subfield>
    <subfield code="2">ddc</subfield>
    <subfield code="4">0</subfield>
    <subfield code="7">0</subfield>
    <subfield code="8">MBA</subfield>
    <subfield code="a">AIMIT</subfield>
    <subfield code="b">AIMIT</subfield>
    <subfield code="d">2022-03-24</subfield>
    <subfield code="e">Biblios Book Point</subfield>
    <subfield code="g">879.00</subfield>
    <subfield code="i">Bill no:6621; Bill dt:2022-03-22</subfield>
    <subfield code="l">2</subfield>
    <subfield code="o">658.322 HENR</subfield>
    <subfield code="p">MBA14328</subfield>
    <subfield code="r">2026-05-23 00:00:00</subfield>
    <subfield code="s">2026-02-02</subfield>
    <subfield code="v">703.20</subfield>
    <subfield code="w">2022-04-07</subfield>
    <subfield code="y">BK</subfield>
  </datafield>
</record>
